Statistiques concernant Les meilleurs buteurs de Rennes depuis 2010

Cliquez ici pour prendre le quiz!

Statistiques générales

  • Ce quiz a été pris 377 fois
  • Le résultat moyen est 7 sur 19

Statistiques - réponses

JoueursButs% Correct
Benjamin Bourigeaud25
82%
M'Baye Niang29
68%
Ousmane Dembele12
66%
Paul Georges Ntep18
50%
Adrien Hunou32
47%
Ismaila Sarr18
45%
Ola Toivonen15
41%
Giovanni Sio16
39%
Benjamin André10
38%
Kamil Grosicki15
36%
Romain Alessandrini20
30%
Jonathan Pitroipa19
28%
Julien Feret27
27%
Mevlut Erding18
22%
Wahbi Khazri11
17%
Abdoulaye Doucoure16
14%
Jirès Kembo Ekoko17
14%
Victor Hugo Montano22
14%
Razak Boukari11
2%

Distribution des résultats

Percentile par nombre de réponses

% des personnes avec chaque résultat

Votre développement - résultats

Vous n’avez pas pris ce quiz